| 000 | 00766nam a22001337a 4500 | ||
|---|---|---|---|
| 040 | _cRUA | ||
| 082 | _aAVM NUO 2015 B508 Or.1 | ||
| 100 | _aNUON DANY, នួន ដានី | ||
| 245 | _aSurvey on fattening pig disease at hun son farm at angsnuol district kandal province, ការអង្កេតពីជំងឺទូទៅដែលច្រើនតែជួបប្រទះនៅលើជ្រូកសាច់ក្នុងកំឡុងពេលផ្ដាច់ដោះរហូតដល់លក់នៅកសិដ្ឋាន ហ៊ុន សុន ស្រុកអង្គស្នួល ខេត្តកណ្ដាល | ||
| 260 |
_aPhnom Penh _bRUA _c2015 |
||
| 300 |
_ax; 40p. _bill. _c29cm. |
||
| 856 | _uNUON DANY | ||
| 942 | _cAVM | ||
| 999 |
_c8924 _d8924 |
||